Central Library OPAC University of Rajshahi

Poems : (Record no. 19407)

MARC details
000 -LEADER
fixed length control field 00893nam a22003011 4500
001 - CONTROL NUMBER
control field 19407
003 - CONTROL NUMBER IDENTIFIER
rucl marc code BD-RjUL
005 - DATE AND TIME OF LATEST TRANSACTION
control field 20211209000429.0
008 - FIXED-LENGTH DATA ELEMENTS--GENERAL INFORMATION
fixed length control field 140224s1965 c 001 1 eng d
035 ## - SYSTEM CONTROL NUMBER
System control number (BD-RjUL)19467
System control number (OCoLC)1182196
040 ## - CATALOGING SOURCE
Original cataloging agency DLC
Transcribing agency TxLT
Modifying agency OCoLC
-- DLC
-- BD-RjUL
Language of cataloging eng
041 ## - LANGUAGE CODE
Language code of text/sound track or separate title eng
082 00 - DEWEY DECIMAL CLASSIFICATION NUMBER
Classification number 821.082
Author mark and year MAP 1965
100 1# - MAIN ENTRY--PERSONAL NAME
Personal name Main, C. F.
Fuller form of name (Charles Frederick),
Dates associated with a name 1921-
9 (RLIN) 59659
245 10 - TITLE STATEMENT
Title Poems :
Remainder of title wadsworth handbook and anthology /
Statement of responsibility, etc. by C. F. Main and Peter J. Seng.
250 ## - EDITION STATEMENT
Edition statement 2nd ed.
260 ## - PUBLICATION, DISTRIBUTION, ETC. (IMPRINT)
Place of publication, distribution, etc. San Francisco :
Name of publisher, distributor, etc. Wadsworth Pub. Co.,
Date of publication, distribution, etc. 1965.
300 ## - PHYSICAL DESCRIPTION
Pagination xxi, 393 p. ;
Size 21 cm.
504 ## - BIBLIOGRAPHY, ETC. NOTE
Bibliography, etc Includes index.
650 #0 - SUBJECT ADDED ENTRY--TOPICAL TERM
Topical term or geographic name as entry element English poetry.
9 (RLIN) 59660
Topical term or geographic name as entry element American poetry.
9 (RLIN) 59661
Topical term or geographic name as entry element Poetics.
9 (RLIN) 59662
700 1# - ADDED ENTRY--PERSONAL NAME
Personal name Seng, Peter J.,
Relator term jt. ed.
942 ## - ADDED ENTRY ELEMENTS (KOHA)
Source of classification or shelving scheme Dewey Decimal Classification
Koha item type Books
Holdings
Lost status Source of classification or shelving scheme Damaged status Not for loan Collection code Permanent Location Current Location Shelving location Date acquired Source of acquisition Total Checkouts Full call number Date last seen Copy number Koha item type
  Dewey Decimal Classification   Not For Loan Fiction Central Library, University of Rajshahi Central Library, University of Rajshahi Reading Room 18/10/1984 USIS, Dacca.   821.082 MAP 1965 24/02/2014 C-1 Books